000 00498nam a22001817a 4500
005 20251023114752.0
008 251023b |||||||| |||| 00| 0 eng d
040 _aMAIN
082 _a155.2
_bR137P
100 _aRajani
245 _aPersonality as predictor of problematic use of inline games
260 _bDepartment of Psychology, M D University, Rohtak
_c2025
300 _aix, 145
650 _aPsychology
650 _aPersonality Development
700 _aMalik, Sonia
942 _cTH
999 _c393628
_d393628